000 01104nam0a22002891 4500
001 v19\rc\1336640
005 20260407122010.0
035 _a(NLR Aleph) 004486007
090 _a4627470
_c4627470
100 _a20060512d1855 |||y0rusy50 ca
101 0 _arus
_afre
102 _aRU
105 _ay z |||||
200 1 _aКонвенция о морском нейтралитете, заключенная между его величеством императором Всероссийским и Северными Американскими Соединенными Штатами. 10/22 июля 1854 года
210 _aБ.м.
_d[1855]
215 _a[7] с.
_d34
300 _aТекст парал. на рус. и фр. яз.
740 1 _aРоссия
_tДоговоры
_3RU\NLR\AUTH\889957979
_9412045
741 1 _aСША
_tДоговоры
_9775704
_3RU\NLR\AUTH\880554533
801 0 _aRU
_bNLR
_gpsbo
801 0 _aRU
_bRuMoRGB
_2psbo
801 1 _aRU
_bProSoft-M
_2rusmarc
852 _aNLR
_j18.185.1.259
899 _aRuMoRGB
_jO 23/16
942 _cBOOK
980 _aNB